000 00581nam a22002177a 4500
003 UA-OsUOA
001 87283
007 ta
008 20120917b un ||||| |||| 00| 0 ukr d
090 _a94(47+57)(035)
_bС74
942 _cBK
040 _aUA-OsUOA
_brus
_cUA-OsUOA
_dUA-OsUOA
245 _aСправочник к I - VIII томам Сообщений Советского Информбюро
300 _a156 с.
955 _a2
041 _arus
080 _a94(47+57)(035)
260 _aМ.
_bСовинформбюро
_c1945
650 7 _2UDC
999 _c373975
_d373975